Arbitrator's Handbook/ (Record no. 201728)

MARC details
000 -LEADER
fixed length control field 00630nam a22001817a 4500
005 - DATE AND TIME OF LATEST TRANSACTION
control field 20240322125442.0
010 ## - LCCN (DPL NO)
LC control number ENG-139899
020 ## - INTERNATIONAL STANDARD BOOK NUMBER
International Standard Book Number 9789391211578
Terms of availability 1295.00
035 ## - SYSTEM CONTROL NUMBER
System control number EN-123431
037 ## - SOURCE OF ACQUISITION
Source of stock number/acquisition DBAD/PUB
082 ## - DEWEY DECIMAL CLASSIFICATION NUMBER
Classification number 347.739
100 ## - MAIN ENTRY--PERSONAL NAME
Personal name Garg,Shashank
245 ## - TITLE STATEMENT
Title Arbitrator's Handbook/
Remainder of title
Statement of responsibility, etc by Shashank,Garg
260 ## - PUBLICATION, DISTRIBUTION, ETC. (IMPRINT)
Name of publisher, distributor, etc Lexis Nexis (P) . Ltd.
Place of publication, distribution, etc Haryana
270 ## - ADDRESS
Address 14th floor, building No 10, Tower-B,DLF Cyber City , Phase-II
City Gurgaon, Haryana
Postal code 122002
Telephone number +91124774444
Fax number +911244774100
Electronic mail address help.in@lexisnexis.com
300 ## - PHYSICAL DESCRIPTION
Extent 463p.
Dimensions 25cm(hb)
Other physical details ill.
942 ## - ADDED ENTRY ELEMENTS (KOHA)
Source of classification or shelving scheme Dewey Decimal Classification
Item type English Books
Classification part 347.739
Call number suffix GAR
Holdings
Withdrawn status Lost status Not for loan Collection code Home library Current library Date acquired Source of acquisition Cost, normal purchase price Full call number Barcode Copy number Cost, replacement price Koha item type
      Non-fiction Bawana Bawana 22/03/2024 DBAD 1295.00 347.739 GAR EN-123431 1 1295.00 English Books

© Delhi Public Library
Hit Counter
free hit counter